• 首页
  • 本馆介绍
  • 公告通知
  • 最新文献
  • 馆藏检索
  • 电子资源
  • 读者导购
  • 参考咨询
  • 我的图书馆
  • 登录
  • 详细信息显示
  • 放入我的书架
  • 预约/预借图书
  • 作者相关作品
  • 分类相关作品
  • 丛书相关作品
  • 出版社相关作品

书目信息

  • 表格格式
  • 工作单格式
  • 卡片格式
题名:
达利画传
    
 
作者: 刘燕 编著
分册:  
出版信息: 北京   中国文联出版社  2005
页数: 184页
开本: 22cm
丛书名:
单 册:
中图分类: K835.515.72=535 , K835.515
科图分类:
主题词:
电子资源:
ISBN: 7-5059-4875-X
000 00751nam0 2200241 450
001 1535815492
005 20150121095720.51
010    @a7-5059-4875-X@dCNY29.80
100    @a20050221d2005 em y0chiy50 ea
101 0  @achi
102    @aCN@b110000
105    @aa z 000yb
200 1  @a达利画传@9da li hua zhuan@f刘燕编著
210    @a北京@c中国文联出版社@d2005
215    @a184页@c图@d22cm
330    @a本书介绍了西班牙画家达利的一生,他通过自己的努力,从而证实了自已的天才。
600  0 @a达利@c(Dali, Salvador@f1904~1989)@x传记
600  0 @a达利@c(Dali, Salvador@f1904~1989)
690    @aK835.515.72=535@v5
690    @aK835.515@v4
701  0 @a刘燕@9liu yan@c(艺术)@4编著
801  0 @aCN@bTSSF@c20150121
905    @aZUCC@dK835.515@eJY2
    
    达利画传/刘燕编著.-北京:中国文联出版社,2005
    184页:图;22cm
    
    
    ISBN 7-5059-4875-X:CNY29.80
    本书介绍了西班牙画家达利的一生,他通过自己的努力,从而证实了自已的天才。
●
相关链接 在E读中查询图书 在五车中查询图书 在当当中查询图书 在豆瓣中查询图书


正题名:达利画传     索取号:K835.515/JY2         预约/预借

序号 登录号 条形码 馆藏地/架位号 状态 备注
1 7854068   278540688   学院路分馆/ [索取号:K835.515/JY2] 在馆    
唐山师范学院图书馆 欢迎您!
大连网信软件有限公司© 版权所有